000 00562nam a22002297a 4500
003 UA-OsUOA
001 62378
007 ta
008 20090821b un ||||| |||| 00| 0 ukr d
100 _aБатов П.
090 _a821.161.1
_bБ28
942 _cBK
040 _aUA-OsUOA
_brus
_cUA-OsUOA
_dUA-OsUOA
245 _aВ походах и боях
300 _a396 с.
955 _a3
041 _arus
080 _a821.161.1
260 _aМ.
_c1962
650 7 _a82 Література. Літературознавство
_2UDC
999 _c348444
_d348444